00914nam a2200229 a 4500008004100000020001500041050001900056100002600075245012200101250001200223260003000235300002000265350000900285500001900294650002600313650004000339650002100379650002300400995010900423999001700532952013500549101223s2004 ||||||||||||||||| || u a140207686x aHF 5415.13 Ros aRoss, David Frederick10aDistribution planning and control: managing in the era of supply chain management. (2nd ed.)cby David Frederick Ross a2nd ed. aNew York:bSpringerc2004 axix, 820p.: ill a0.00 aIncludes Index aMARKETING--MANAGEMENT 0aMARKETING--MANAGEMENT--CASE STUDIES 0aEXPORT MARKETING aBUSINESS LOGISTICS D0.00FCBU-MAIN LIBRARY (Kitwe)H1I0.00M1UAVAILABLEWDec 29, 2010ZMain Library Open Access Collection c40348d40348 00102lcc4070a001b001cMain Library Open Access Collectiond2022-11-30l0oHF 5415.13 Rosp742315r2022-11-30w2022-11-30y002